000 00606 a2200193 4500
999 _c183038
_d183038
005 20211215123636.0
010 _aENG-130324
020 _c857.00
_a978-93-8854-883-0
035 _aEN-113855
037 _bDBAD / PUB
082 _a344.540189143
100 _aSingh, Manoj K
245 _aInfrastructure Arbitration A Perspective:
_cManoj K Singh
250 _a2020
260 _bLexisNexis
_c2020
_aHaryana
270 _a14th Floor, Building No. 10, Tower-B, DLF Cyber City, Phase-Ii
_bGurgaon
_e122002
300 _a336p.
_c25cm (hbk)
942 _adpl
_cEN
_2ddc
_h344.540189143
_mSIN